00761nam a2200205 a 450000100100000000500170001000800410002704000130006808200200008110000410010124500770014226000420021930000270026150000630028865000280035165000310037904900090041095201190041999900170053800001075120240412074220.0091009s1980 dr a 000 p spa d aDO-SdBNP aRD861.44bP944p1 aPérez, Norvo Antoniod1925-92595910aPatria, amor y esperanza :bel Cristo liberado /cNorvo Antonio Pérez. aSanto Domingo :bAlfa y Omega,c1980. a97 p. :bil. ;c22 cm. aIncluye datos biográficos del autor en la contracubierta 0aPoesía dominicana966 0aLiteratura dominicana.967 aBNPD 00107-18PDaPDbPDcOId2009-10-09iLF1l0oRD861.44 P944pp10751-10r2020-06-25w2020-06-25yLFPDZNo se presta c10506d10506